ロード中...
Natakkar Jagdish Chandra Mathur/
| 第一著者: | |
|---|---|
| フォーマット: | Printed Book |
| 出版事項: |
Delhi:
Radhakrishna Prakashan,
1973.
|
| LEADER | 00361nam a22001097a 4500 | ||
|---|---|---|---|
| 100 | |a Govind Chatak | ||
| 245 | |a Natakkar Jagdish Chandra Mathur/ |c Govind Chatak | ||
| 260 | |a Delhi: |b Radhakrishna Prakashan, |c 1973. | ||
| 300 | |a 136p. | ||
| 942 | |2 ddc |c BK | ||
| 999 | |c 245478 |d 245478 | ||
| 952 | |0 0 |1 0 |4 0 |7 0 |9 272420 |a HIN |b HIN |c S-25 |d 2012-07-09 |i 7773 |l 0 |p HIN7773 |r 2014-02-07 |w 2014-02-07 |y BK | ||